Sistema urbano en la región amazónica colombiana : (Registro nro. 7162)
[ vista simple ]
| 000 -CABECERA | |
|---|---|
| Campo de control | 01398nam a2200301 a 4500 |
| 005 - FECHA Y HORA DE LA ULTIMA TRANSACCION | |
| Campo de control | 20160108094416.0 |
| 008 - ELEMENTOS DE LONGITUD FIJA—INFORMACION GENERAL | |
| Campo de control | 110328s2009 ck ab gr 00010 spa d |
| 015 ## - NATIONAL BIBLIOGRAPHY NUMBER | |
| National bibliography number | ck-2009-xxxx |
| 020 ## - ISBN | |
| ISBN | 9789588317441 |
| 040 ## - FUENTE DE CATALOGACIÓN | |
| Agencia catalogadora original | CO-BoBLA |
| Agencia transcriptora | CO-BoBLA |
| Agencia Modificadora | CO-BoIAvH |
| 041 0# - IDIOMA | |
| Código de idioma para texto/pista de sonido o título separado | Español |
| 044 ## - PAÍS DE PUBLICACIÓN | |
| País de publicación | Colombia |
| 082 04 - NUMERO DE CLASIFICACION DECIMAL DEWEY | |
| Número de clasificación | 711.4098617 |
| Número del ítem | R48s |
| 100 1# - ASIENTO PRINCIPAL--NOMBRE PERSONAL | |
| Nombre personal | Riaño Umbarila, Elizabeth. |
| 9 (RLIN) | 48599 |
| 245 10 - MENCION DE TITULO | |
| Título | Sistema urbano en la región amazónica colombiana : |
| Parte restante del título | análisis de la organización e integración funcional / |
| Mención de responsabilidad | Elizabeth Riañoo Umbarila, Carlos Ariel Salazar Cardona. |
| 260 ## - PUBLICACION, DISTRIBUCION, ETC. (PIE DE IMPRENTA) | |
| Lugar de publicación, distribución, etc. | Bogotá : |
| Nombre del editor, distribuidor, etc. | Instituto Amazónico de Investigaciones Científicas SINCHI : |
| -- | Ministerio de Ambiente, Vivienda y Desarrollo Territorial, |
| Fecha de publicación, distribución, etc. | 2009. |
| 300 ## - DESCRIPCION FISICA | |
| Extensión | 304 páginas : |
| Otros detalles físicos | ilustraciones., mapas ; |
| Dimensiones | 28 cm. |
| 504 ## - NOTA DE BIBLIOGRAFIA, ETC. | |
| Nota de bibliografía | Incluye bibliografía. |
| 650 24 - ASIENTO SECUNDARIO DE MATERIA - TERMINO TEMATICO | |
| Término temático o nombre geográfico como elemento de entrada | Ciudades y pueblos |
| Subdivisión geográfica | Amazonas (Región) |
| 9 (RLIN) | 48600 |
| 650 24 - ASIENTO SECUNDARIO DE MATERIA - TERMINO TEMATICO | |
| Término temático o nombre geográfico como elemento de entrada | Administración municipal |
| Subdivisión geográfica | Amazonas (Región) |
| 9 (RLIN) | 48601 |
| 650 24 - ASIENTO SECUNDARIO DE MATERIA - TERMINO TEMATICO | |
| Término temático o nombre geográfico como elemento de entrada | Administración pública |
| Subdivisión geográfica | Amazonas (Región) |
| 9 (RLIN) | 48602 |
| 650 24 - ASIENTO SECUNDARIO DE MATERIA - TERMINO TEMATICO | |
| Término temático o nombre geográfico como elemento de entrada | Infraestructura (Economía) |
| Subdivisión geográfica | Amazonas (Región) |
| 9 (RLIN) | 48603 |
| 650 24 - ASIENTO SECUNDARIO DE MATERIA - TERMINO TEMATICO | |
| Término temático o nombre geográfico como elemento de entrada | Urbanización |
| Subdivisión geográfica | Amazonas (Región) |
| 9 (RLIN) | 48604 |
| 650 ## - ASIENTO SECUNDARIO DE MATERIA - TERMINO TEMATICO | |
| Término temático o nombre geográfico como elemento de entrada | Urbanismo |
| Subdivisión geográfica | Amazonas (Región) |
| Subdivisión de forma | Estadísticas. |
| 9 (RLIN) | 48605 |
| 650 #4 - ASIENTO SECUNDARIO DE MATERIA - TERMINO TEMATICO | |
| Término temático o nombre geográfico como elemento de entrada | Cooperación intergubernamental |
| Subdivisión geográfica | Amazonas (Región) |
| 9 (RLIN) | 48606 |
| 651 #4 - ASIENTO SECUNDARIO DE MATERIA - NOMBRE GEOGRAFICO | |
| Nombre geográfico | Amazonas (Región) |
| Subdivisión general | Política y gobierno |
| Subdivisión cronológica | 1974- |
| 9 (RLIN) | 48607 |
| 942 ## - ELEMENTOS ADICIONALES (KOHA) | |
| Sistema de clasificación | Dewey Decimal Classification |
| Tipo de ítem | Libro |
| Withdrawn status | Lost status | Sistema de Clasificación | Damaged status | No para préstamo | Colección | Inventariado | Ubicación Permanente | Ubicación actual | Fecha de adquisición | Fuente de Valor | Valor | Total Checkouts | Número topográfico | Inventario / Código de Barras | Date last seen | Ejemplar | Price effective from | Forma de adquisición | Tipo de material |
|---|---|---|---|---|---|---|---|---|---|---|---|---|---|---|---|---|---|---|---|
| Dewey Decimal Classification | General | Inventariado 2017 | Bogotá | Bogotá | 06/11/2009 | Instituto | 39000.00 | LB-711.4098617 R48s | 027732 | 04/12/2012 | Ej.1 | 04/12/2012 | Libro |